| 000 | 01028 a2200193 4500 | ||
|---|---|---|---|
| 003 | Nust | ||
| 005 | 20221227124507.0 | ||
| 040 | _cNust | ||
| 082 | _a621.384151,PRO | ||
| 100 |
_aKerr, Donald E. _973687 |
||
| 245 |
_aPropagation of short radio waves / _cDonald E.Kerr, _h[prepared under the supervision of the] Office of Scientific Research and Development, National Defense Research Committee |
||
| 250 | _a1st ed | ||
| 260 |
_aMcGraw-Hill, _bNew York, _c1951 |
||
| 300 |
_axvii, 728 p _billus _cdiagrs. (part fold., in pocket) _e24 cm |
||
| 505 | _aElements of The Problem (Page-1), Theory of Propagation in a Horizontally Stratified Atmosphere (Page-27), Meteorology Of The Refraction Problem (Page-181), Experimental Studies of Refraction (Page-294), Reflections From The Earth’s Surface (Page-306), Radar Targets and Echoes (Page-445), Meteorological Echoes (Page-588), Atmospheric Attenuation (Page-641). | ||
| 600 |
_aKerr, Donald E. _973687 |
||
| 650 |
_aPropagation of short radio waves _9106041 |
||
| 942 |
_2ddc _cBK |
||
| 999 |
_c183454 _d183454 |
||